000 00742 a2200169 4500
003 NUST
005 20221208132157.0
040 _cNust
082 _a297.2,USM
100 _aUsmani,Muhammad Taqi
_978221
245 _aThe Legal status of following a madhab /
_cMufti Muhammad taqi Usmani
260 _aKarachi
_bdarul IShaat
_c2003
300 _a136:p .:
505 _aThe Quraan And Tadleed (Page-15), The Hadith And Taqleed (Page-25), Era Of The Sahabah (Page-33), The Need To Make Taqleed Of An Individual (Page-57), Determining The Four Schools Of Thought Different Levels Of Taqleed (Page-71), Doubts And Objections On Taqleed (Page-98). Dormancy In Taqleed (Page-129).
650 _aIslamic Life
_9104338
942 _2ddc
_cBK
_k297.2,USM
999 _c185457
_d185457